Orfeón Donostiarra : memoria artística memoria artística
Descripción Física:
20 p. ; 21 cm
Materias:
Orfeón Donostiarra -- Memòries
MARC
| LEADER | 00000nam a2200000Ia 4500 | ||
|---|---|---|---|
| 001 | 21893 | ||
| 008 | 160829s1943 xx 000 0 cat d | ||
| 080 | |a FU-45-72 | ||
| 245 | |a Orfeón Donostiarra : |b memoria artística | ||
| 260 | |a [San Sebastián] : |b el Orfeón, |c 1943 | ||
| 300 | |a 20 p. ; |c 21 cm | ||
| 590 | |a Prové de 4591, exp. 42 | ||
| 650 | |a Orfeón Donostiarra |x Memòries |9 47977 | ||
| 856 | 4 | |u https://media.diba.cat/diba/fitxers/arxiu/fulletons/bib_21893_1943_baixa.pdf |y Accés lliure | |
| 856 | 4 | |u https://media.diba.cat/diba/fitxers/arxiu/fulletons/bib_21893_1943_baixa.pdf |y Accés lliure | |
| 901 | |a Arxiu | ||
| 942 | |n 1 |2 udc | ||
| 952 | |0 0 |1 0 |4 0 |6 FU4572 |7 1 |9 54249 |a Arxiu |b Arxiu |d 2016-12-01 |l 0 |o FU-45-72 |p 21893 |r 2016-12-01 00:00:00 |w 2016-12-01 |y ARXIU | ||
| 999 | |c 58118 |d 58118 | ||
| 900 | |a bib_21893_1943_baixa.pdf | ||